|
|
|
|
| LEADER |
01159nam a2200253 a 4500 |
| 001 |
477438 |
| 008 |
100222s1983 bg 100 0 eng d |
| 999 |
|
|
|c 7629
|d 7629
|
| 010 |
|
|
|a 83907008
|
| 040 |
|
|
|a DLC
|c DLC
|d DLC
|d BD-DhAAL
|
| 082 |
0 |
0 |
|a 305.4095492
|2 19
|
| 245 |
0 |
0 |
|a Women in Bangladesh :
|b some socio-economic issues /
|c edited by Jahanara Huq ... [et al.].
|
| 260 |
|
|
|a Dhaka :
|b Women for Women,
|c 1983
|
| 300 |
|
|
|a viii, 92 p. ;
|c 25 cm.
|
| 490 |
1 |
|
|a Seminar papers ;
|v v. 1, 1983
|
| 500 |
|
|
|a "Papers presented at the monthly seminars organized by Women for Women, a research and study group."--P. vi.
|
| 541 |
1 |
|
|e 00004835
|
| 650 |
|
0 |
|a Women
|z Bangladesh
|x Social conditions
|x Congresses.
|9 31398
|
| 650 |
|
0 |
|a Women
|z Bangladesh
|x Economic conditions
|x Congresses.
|9 31399
|
| 700 |
1 |
|
|a Huq, Jahanara.
|9 31400
|
| 830 |
|
0 |
|a Seminar papers (Women for Women (Organization : Bangladesh)) ;
|v 1983-v. 1.
|9 31401
|
| 852 |
4 |
|
|a Ayesha Abed Library
|j General shelf
|
| 942 |
|
|
|2 ddc
|c BK
|
| 952 |
|
|
|0 0
|1 0
|2 ddc
|4 0
|6 305_409549200000000_WOM_1983
|7 0
|9 8338
|a BRACUL
|b BRACUL
|c GEN
|d 2010-02-22
|g 25.00
|l 1
|m 1
|o 305.4095492 WOM
|p 3010004835
|r 2016-12-08
|s 2016-11-21
|t 1
|w 2010-02-22
|y BK
|